000 00301nam a22001337a 4500
008 171011b xxu||||| |||| 00| 0 eng d
020 _a9780205543724
041 _aeng
080 _26TH
_a316
100 _a50
101 _aSOC
245 _aINTERPERSONAL COMMUNICATION
_cKNAPP.M.L
942 _2udc
_cBK
999 _c33085
_d33085